Formule 1 - Quiz pilote : Esteban Ocon - Statistiques

Statistiques générales
  • Ce quiz a été pris 164 fois
  • Le résultat moyen est 18 sur 23
Statistiques - réponses
Hint Réponse % Correct
Victoire Nombre de victoire totale 1
97%
Championnat du monde Nombres de titre pilote 0
96%
Championnat du monde Nombres de titre constructeur 0
96%
Écuries pour lesquelles il a conduit 2021-2024 Alpine
96%
Écuries pour lesquelles il a conduit Depuis Haas
96%
Informations de base Arrivée en Formule 1 (année) 2016
95%
Informations de base Nationalité (sportive) France
95%
Coéquipiers 2023 - 2024 Pierre Gasly
94%
Autres Quel pilote de Formule 1 français a-t-il introduit au sport auto ? Pierre Gasly
94%
Écuries pour lesquelles il a conduit 2020 Renault
92%
Coéquipiers Depuis 2025 Ollie Bearman
86%
Autres Pour quelle écurie est-il pilote de réserve en 2019 ? Mercedes
83%
Informations de base Numéro de pilote 31
82%
Coéquipiers 2021 - 2022 Fernando Alonso
79%
Écuries pour lesquelles il a conduit 2017-2018 Force India
74%
Victoire 1ère victoire Grand Prix de Hongrie 2021
74%
Coéquipiers 2017 - 2018 Sergio Perez
71%
Coéquipiers 2020 Daniel Ricciardo
70%
Écuries pour lesquelles il a conduit 2018 Racing Point
67%
Écuries pour lesquelles il a conduit 2016 Manor
47%
Informations de base Date de naissance 17 septembre 1996
26%
Coéquipiers 2016 Pascal Wehrlein
23%
Informations de base Nom complet Esteban José Jean-Pierre Ocon-Khelfane
21%
Aucun quiz correspondant
Distribution des résultats
% des personnes avec chaque résultat
Percentile par nombre de réponses
Votre historique - résultats
Vous n’avez pas pris ce quiz